[Event "Julian Mazur Memorial"]
[Site "Wellington Chess Club"]
[Date "2017.08.10"]
[Round "4.10"]
[White "Barraza, Jesse"]
[Black "Winter, Ryan"]
[Result "1/2-1/2"]
[WhiteElo "1871"]
[BlackElo "1711"]

1. e4 c6 2. d4 d5 3. Nc3 dxe4 4. Nxe4 Nd7 5. Nf3 Ngf6 6. Nxf6+ Nxf6 7. Bd3 Bg4
8. Be3 e6 9. h3 Bh5 10. g4 Bg6 11. Ne5 Nd5 12. Qf3 Qc7 13. Bxg6 hxg6 14. Bd2
Bd6 15. Qe4 O-O-O 16. O-O-O Qe7 17. Kb1 Kb8 18. c4 Nf6 19. Qc2 Ka8 20. Be3 c5
21. Nd3 Nd7 22. dxc5 Nxc5 23. Nxc5 Bxc5 24. Bxc5 Qxc5 25. Rxd8+ Rxd8 26. Rd1
Rd4 27. Qa4 a6 28. Rxd4 Qxd4 1/2-1/2

[Event "Julian Mazur Memorial"]
[Site "Wellington Chess Club"]
[Date "2017.08.10"]
[Round "4.11"]
[White "Aldridge, Alan"]
[Black "Van der Anker, Juan"]
[Result "1-0"]
[WhiteElo "1936"]
[BlackElo "1444"]

1. d4 g6 2. c4 Bg7 3. Nc3 Nf6 4. e4 d6 5. f3 O-O 6. Be3 Nbd7 7. Qd2 Re8 8.
O-O-O b6 9. e5 Bb7 10. exf6 Bxf6 11. Nge2 c5 12. dxc5 bxc5 13. Nf4 a6 14. Nfd5
Bg7 15. h4 Bxd5 16. cxd5 Ne5 17. Be2 Rb8 18. f4 Nd7 19. Qc2 Bxc3 20. Qxc3 Qb6
21. h5 e5 22. hxg6 fxg6 23. Bg4 Nf6 24. Be6+ Kf8 25. fxe5 Ne4 26. Rdf1+ 1-0

[Event "Julian Mazur Memorial"]
[Site "Wellington Chess Club"]
[Date "2017.08.10"]
[Round "4.12"]
[White "Coghini, Phillip"]
[Black "Bennett, Ezra"]
[Result "1-0"]
[WhiteElo "1888"]
[BlackElo "1452"]

1. d4 Nf6 2. c4 c5 3. d5 e6 4. Nc3 Be7 5. d6 Bf8 6. e4 Nc6 7. Nb5 Nd5 8. exd5
Bxd6 9. Nxd6+ Kf8 10. dxc6 dxc6 11. Nxc8 Qxd1+ 12. Kxd1 Rxc8 13. Bf4 f6 14.
Bd6+ Kf7 15. Bxc5 b6 16. Be3 Rhd8+ 17. Kc2 Rd7 18. Rd1 Rb7 19. g4 b5 20. c5 a5
21. b3 Ra8 22. a3 a4 23. b4 Rc7 24. Bg2 e5 25. Ne2 Re8 26. Nc3 g6 27. Rd6 Re6
28. Rhd1 g5 29. Rxe6 Kxe6 1-0

[Event "Julian Mazur Memorial"]
[Site "Wellington Chess Club"]
[Date "2017.08.10"]
[Round "4.13"]
[White "Forlong-Ford, Colwyn"]
[Black "Konakanchi, Karthik"]
[Result "1-0"]
[WhiteElo "1739"]
[BlackElo "1504"]

1. e4 e5 2. Nf3 Nc6 3. Bc4 Bc5 4. Nc3 Nf6 5. d3 h6 6. Nd5 d6 7. Be3 Bxe3 8.
Nxe3 Ne7 9. c3 c6 10. O-O d5 11. exd5 cxd5 12. Bb5+ Nd7 13. Bxd7+ Bxd7 14. Nxe5
O-O 15. Nxd7 Qxd7 16. Qg4 Qb5 17. Qe2 Rfe8 18. Qc2 Rac8 19. d4 Rc6 20. Rfe1 Re6
21. Qe2 Qc6 22. Qh5 Qb5 23. Re2 g6 24. Qf3 Kg7 25. Rae1 Qd3 26. Ng4 Rxe2 27.
Qxe2 Qxe2 28. Rxe2 f6 29. Re6 f5 30. Ne5 Kf8 31. g3 Kg7 32. Nxg6 Kf7 33. Rxe7+
Rxe7 34. Nxe7 Kxe7 35. Kg2 Kf6 36. Kf3 Kg5 37. h4+ Kg6 38. Kf4 Kf6 39. f3 h5
40. b4 b5 41. a3 a6 42. g4 fxg4 43. fxg4 hxg4 44. Kxg4 Kg6 45. h5+ Kf6 46. Kf4
1-0

[Event "Julian Mazur Memorial"]
[Site "Wellington Chess Club"]
[Date "2017.08.10"]
[Round "4.14"]
[White "Meravanage, Satwik"]
[Black "Sole, Michael"]
[Result "0-1"]
[WhiteElo "1524"]
[BlackElo "1727"]

1. e4 c5 2. Nf3 d6 3. d4 cxd4 4. Nxd4 Nf6 5. Nc3 a6 6. Be3 e5 7. Nb3 Be7 8. Bd3
$6 Be6 9. O-O Nbd7 10. f4 exf4 (10... Ng4) 11. Rxf4 Ne5 12. Nd4 O-O 13. Nxe6
fxe6 14. Qe2 b5 15. a3 Rc8 16. Raf1 Qa5 17. Bd2 Qb6+ 18. Be3 Qb7 19. Rh4 Nd5
20. Rxf8+ Rxf8 21. Rh3 Nxe3 22. Qxe3 Bd8 (22... Ng4 $1 23. Qe1 Qb6+ 24. Kh1 (
24. Re3 Nxe3 25. Kh1) 24... Nf2+ 25. Kg1 Nxh3+ 26. Kh1) 23. Qe1 Qa7+ 24. Kh1
Ng4 25. Rf3 (25. Nd1) 25... Nf2+ 26. Qxf2 Qxf2 27. Rxf2 Rxf2 28. g3 Bb6 29. Ne2
e5 30. Nc3 Bd4 0-1

[Event "Julian Mazur Memorial"]
[Site "Wellington Chess Club"]
[Date "2017.08.10"]
[Round "4.15"]
[White "Thorpe, Richard"]
[Black "Wevers, Alexis"]
[Result "1/2-1/2"]
[WhiteElo "1632"]
[BlackElo "1654"]

1. e4 c5 2. Nf3 e6 3. Nc3 g6 4. d4 cxd4 5. Qxd4 Nf6 6. Bg5 Be7 7. Bb5 a6 8. Ba4
b5 9. Bb3 Nc6 10. Qd2 b4 11. Bxf6 Bxf6 12. Na4 Qe7 13. O-O-O O-O 14. Nb6 Ra7
15. Nc4 Qc5 16. g4 a5 17. g5 Bg7 18. Nd6 a4 19. Bc4 b3 20. a3 bxc2 21. Qxc2 Nd4
22. Nxd4 Qxd6 23. Nxe6 Qe5 24. Nxf8 Qxg5+ 25. Qd2 Qxd2+ 26. Rxd2 Bh6 27. Nxd7
Rxd7 28. Rd1 Rd4 29. Bd5 Bg4 30. Kc2 Bxd1+ 31. Rxd1 Rxd1 32. Kxd1 Bf4 33. h3 g5
34. Bc6 Be5 35. Kc2 Bd4 36. f3 h5 37. Bxa4 Kf8 38. Bc6 Ke7 39. b4 f6 40. Kd3
Bb6 41. Kc4 Kd6 42. Kb5 Be3 43. Be8 h4 44. a4 Kc7 45. a5 Kb7 46. Kc4 Ka6 47.
Bb5+ Kb7 48. Kd5 Bd2 49. Kc5 Be3+ 50. Kc4 Bf2 51. Bd7 Ka6 52. Kd5 Be1 53. Kc4
Bf2 54. Bc8+ Ka7 55. b5 Kb8 56. Bd7 Be1 57. a6 Bf2 58. Kd5 Kc7 59. Bc6 Kb6 60.
Ke6 Bd4 61. Kd7 Be3 62. Ke8 Bf2 63. Kd8 Bg3 64. Kc8 Bf4 65. Kd7 Be3 66. a7 Kxa7
67. Kc7 Bf2 1/2-1/2

[Event "Julian Mazur Memorial"]
[Site "Wellington Chess Club"]
[Date "2017.08.10"]
[Round "4.16"]
[White "Sknar, Andrew"]
[Black "Farrington, Lawrence"]
[Result "0-1"]
[WhiteElo "1276"]
[BlackElo "1838"]

1. e4 e6 2. d4 d5 3. exd5 exd5 4. Nc3 Bb4 5. Nf3 Nf6 6. Bd3 O-O 7. O-O Bg4 8.
a3 Be7 9. Bg5 Re8 10. h3 Bh5 11. Re1 Nc6 12. Bxf6 Bxf6 13. Rxe8+ Qxe8 14. Nxd5
Qd8 15. Nf4 Bxf3 16. Qxf3 Bxd4 17. Rd1 Qf6 18. Qe4 g6 19. c3 Bb6 20. Rd2 Rd8
21. Nd5 Qg5 22. Rc2 Qxd5 23. Qxd5 Rxd5 24. Rd2 Nd8 25. c4 Rd4 26. b4 c5 27. Kf1
Ne6 28. g3 Ng5 29. h4 Nf3 30. Rd1 Ne5 31. Ke2 Nxd3 32. Rxd3 Rxd3 33. Kxd3 cxb4
34. axb4 Bxf2 35. g4 Bxh4 36. Kd4 Kf8 37. Kd5 Ke7 38. c5 Kd7 39. b5 Bg3 40. c6+
bxc6+ 41. bxc6+ Kc7 42. g5 a5 43. Kc4 Be5 44. Kb5 f5 45. gxf6 Bxf6 46. Kxa5 g5
0-1

[Event "Julian Mazur Memorial"]
[Site "Wellington Chess Club"]
[Date "2017.08.10"]
[Round "4.17"]
[White "Wight, Joshua"]
[Black "He, Paul"]
[Result "1-0"]
[WhiteElo "1609"]
[BlackElo "1051"]

1. e4 c5 2. Nc3 Nc6 3. f4 d6 4. Nf3 Bg4 5. Bb5 g6 6. h3 Bxf3 7. Qxf3 a6 8.
Bxc6+ bxc6 9. b3 Bg7 10. Bb2 Nf6 11. g4 O-O 12. O-O-O d5 13. d3 d4 14. Ne2 a5
15. a4 Nd7 16. h4 e6 17. g5 f6 18. Qh3 Qe7 19. Kb1 f5 20. h5 Qf7 21. Rh2 1-0

[Event "Julian Mazur Memorial"]
[Site "Wellington Chess Club"]
[Date "2017.08.10"]
[Round "4.18"]
[White "He, Caleb"]
[Black "Darr, Samuel"]
[Result "1-0"]
[WhiteElo "1416"]
[BlackElo "1444"]

1. e4 e6 2. d4 d5 3. Nc3 Bb4 4. a3 Bxc3+ 5. bxc3 dxe4 6. Qg4 Qf6 7. Qxe4 Ne7 8.
Bd3 Nbc6 9. Nf3 b6 10. Qe2 O-O 11. Bg5 e5 12. Bxf6 exd4 13. Bxe7 Re8 14. O-O
dxc3 15. Bxh7+ Kxh7 16. Qe4+ Kg8 17. Ng5 f5 18. Qh4 Nxe7 19. Rfe1 Bb7 20. Rxe7
Rxe7 21. Qh7+ 1-0

[Event "Julian Mazur Memorial"]
[Site "Wellington Chess Club"]
[Date "2017.08.10"]
[Round "4.19"]
[White "De Briey, Aurian"]
[Black "Tagos, Bernardo"]
[Result "0-1"]
[WhiteElo "1300"]
[BlackElo "1427"]

1. d4 Nf6 2. c4 e6 3. Nc3 Bb4 4. e3 c5 5. Bd3 Nc6 6. dxc5 Bxc5 7. Nf3 a6 8. e4
Ng4 9. O-O Nge5 10. Bf4 Nxd3 11. Qxd3 O-O 12. Rfe1 d6 13. Be3 Qc7 14. Bxc5 dxc5
15. e5 Rd8 16. Qe3 Nd4 17. Qe4 b6 18. Qxa8 Bb7 19. Qa7 Ra8 20. Qxa8+ Bxa8 21.
Rad1 Nxf3+ 22. gxf3 Bxf3 23. Rd3 Bg4 24. f3 Bf5 25. Rd2 h6 26. f4 Qb7 27. Red1
Qf3 28. Rf1 Qe3+ 29. Rff2 h5 30. Rd6 Bh3 31. Ne2 Bg4 32. Kf1 b5 33. Rxa6 bxc4
34. Ra4 Bxe2+ 35. Rxe2 Qxf4+ 36. Ke1 h4 37. b3 Qc1+ 38. Kf2 cxb3 39. axb3 g5
40. Rc4 Qd1 41. Rb2 Kg7 42. Kg2 Qe1 43. Rxc5 Qe4+ 44. Kf2 Qd4+ 45. Kg2 Qxb2+
46. Kf1 Qxb3 47. Kf2 Qb6 48. h3 Qxc5+ 49. Kf3 Qxe5 50. Kg4 Qg3+ 51. Kh5 Qf3+
52. Kxg5 Qxh3 53. Kh5 Kf6 54. Kh6 Qe3+ 55. Kh7 Qe4+ 56. Kh8 Kg6 57. Kg8 Qa8#
0-1

[Event "Julian Mazur Memorial"]
[Site "Wellington Chess Club"]
[Date "2017.08.10"]
[Round "4.20"]
[White "Proctor, Matthew"]
[Black "Hall, Nathan"]
[Result "0-1"]
[WhiteElo "1478"]
[BlackElo "1200"]

1. e4 e6 2. d4 d5 3. e5 c5 4. Nf3 Nc6 5. Bb5 Qb6 6. Bxc6+ Qxc6 7. Be3 Be7 8.
dxc5 Bxc5 9. O-O Ne7 10. Qd3 Ng6 11. Nbd2 b6 12. h4 Bxe3 13. fxe3 a5 14. h5 Ba6
15. Qc3 Qxc3 16. bxc3 Ne7 17. Rf2 Nf5 18. e4 Ne7 19. Ng5 h6 20. Nxf7 Rf8 21.
Nd6+ Kd7 22. exd5 Nxd5 23. c4 Rxf2 24. Kxf2 Rf8+ 25. Kg3 Nf4 26. Rb1 Ne2+ 27.
Kg4 Rf4+ 28. Kh3 Rd4 29. N2e4 Bxc4 30. Rxb6 Bd5 31. Ra6 Bxe4 32. Rxa5 Bf5+ 33.
Nxf5 exf5 34. Ra7+ Ke6 35. Rxg7 Rd1 36. Rg6+ Kxe5 37. g3 f4 38. gxf4+ Nxf4+ 39.
Kg4 Rg1+ 40. Kh4 Nxg6+ 41. hxg6 Rxg6 42. Kh5 Kf5 43. a4 Rg2 0-1

[Event "Julian Mazur Memorial"]
[Site "Wellington Chess Club"]
[Date "2017.08.10"]
[Round "4.21"]
[White "Theodosiou, Andreas"]
[Black "Stannard, Bobby"]
[Result "1-0"]
[WhiteElo "1493"]
[BlackElo "1481"]

1. d4 d5 2. c4 e6 3. Nc3 Nf6 4. Bg5 Be7 5. e3 b6 6. Nf3 Nc6 7. Bxf6 Bxf6 8.
cxd5 exd5 9. Bb5 Bb7 10. O-O O-O 11. a3 a6 12. Ba4 b5 13. Bc2 b4 14. Qd3 g6 15.
Ne2 a5 16. Rfe1 a4 17. b3 bxa3 18. Nf4 Nb4 19. Qd2 Nxc2 20. Qxc2 axb3 21. Qxb3
Bc6 22. Rxa3 Rxa3 23. Qxa3 Qd7 24. Nd3 Ra8 25. Qc3 g5 26. Nfe5 Bxe5 27. Nxe5
Qf5 28. Nxc6 Kg7 29. Ne5 Rb8 30. g4 Qe4 31. f3 1-0

[Event "Julian Mazur Memorial"]
[Site "Wellington Chess Club"]
[Date "2017.08.10"]
[Round "4.22"]
[White "Konakanchi, Pramodh"]
[Black "Kibblewhite, Daniel"]
[Result "0-1"]
[WhiteElo "1106"]
[BlackElo "1400"]

1. e4 e6 2. Nf3 d5 3. e5 c5 4. Na3 Nc6 5. d3 Nge7 6. Bd2 Ng6 7. Bg5 Be7 8. Qd2
Ncxe5 9. Nxe5 Nxe5 10. Be2 Ng6 11. Bxe7 Qxe7 12. Qe3 O-O 13. O-O Bd7 14. d4
cxd4 15. Qxd4 Bc6 16. Bb5 Bxb5 17. Nxb5 a6 18. Nc3 Rac8 19. a3 Qc5 20. Qxc5
Rxc5 21. Rfe1 Rfc8 22. Re3 d4 23. Na4 dxe3 24. Nxc5 Rxc5 25. fxe3 Rxc2 26. b4
Re2 27. Rc1 Rxe3 28. Rc8+ Nf8 29. a4 Rb3 30. Rc4 f6 31. Kf2 e5 32. g4 Ne6 33.
Rc8+ Kf7 34. Rc4 Kg6 35. h4 Nd4 36. h5+ Kg5 37. Rc7 Kxg4 38. Rxg7+ Kxh5 39.
Rxh7+ Kg5 40. Rxb7 Nc2 41. b5 axb5 42. axb5 Nd4 43. b6 Nc6 44. Ke2 Na5 45. Rg7+
Kf5 46. b7 Rxb7 47. Rxb7 Nxb7 48. Ke3 Kg4 49. Ke4 Nd6+ 50. Kd5 e4 51. Kd4 Kf3
52. Kc3 e3 53. Kc2 Kf2 54. Kd1 e2+ 55. Kc2 e1=Q 56. Kb3 Qd2 57. Ka4 Qb2 58. Ka5
Qb5# 0-1

[Event "Julian Mazur Memorial"]
[Site "Wellington Chess Club"]
[Date "2017.08.10"]
[Round "4.23"]
[White "Leask, Hamish"]
[Black "Del Favero, Marcus"]
[Result "1-0"]
[WhiteElo "1570"]
[BlackElo "1410"]

1. e4 c6 2. Nc3 d5 3. d4 dxe4 4. Nxe4 Nf6 5. Nxf6+ exf6 6. Bc4 Bd6 7. Ne2 O-O
8. O-O Bf5 9. Bf4 Re8 10. Bxd6 Qxd6 11. Re1 Nd7 12. c3 Rad8 13. Qb3 Be6 14.
Bxe6 Qxe6 15. Qxb7 Rb8 16. Qxa7 Rxb2 17. h3 Rxe2 18. Rxe2 Qxe2 19. Qxd7 Qe6 20.
Qxe6 Rxe6 21. a4 h6 22. Rb1 Re7 23. Rb6 Ra7 24. Rxc6 Rxa4 25. Kf1 Kf8 26. Ke2
Ke7 27. d5 Kd7 28. Ke3 f5 29. g3 g5 30. Rxh6 Rc4 31. Kd3 Rc8 32. Rf6 1-0

[Event "Julian Mazur Memorial"]
[Site "Wellington Chess Club"]
[Date "2017.08.17"]
[Round "5.01"]
[White "Timergazi, Layla"]
[Black "Dive, Russell"]
[Result "1-0"]
[WhiteElo "2158"]
[BlackElo "2434"]

1. d4 Nf6 2. c4 e6 3. Nc3 Bb4 4. g3 O-O 5. Bg2 d6 6. Nf3 Nc6 7. O-O e5 8. Nd5
Nxd5 9. cxd5 Nxd4 10. Nxd4 exd4 11. Qxd4 Bc5 12. Qf4 f5 13. Bd2 Bd7 14. a4 a5
15. h4 Rf7 16. Bc3 Re7 17. Bf3 Qf8 18. Rfc1 b6 19. b4 axb4 20. Bxb4 Ra7 21. Bc3
Bc8 22. a5 bxa5 23. Rxa5 Rxa5 24. Bxa5 Ba6 25. e3 Bd3 26. Bb4 Bb6 27. Rc6 Qd8
28. g4 fxg4 29. Qxg4 Rf7 30. Be4 Bxe4 31. Qxe4 Re7 32. Qg4 Re8 33. Bc3 Qe7 34.
Rc4 h6 35. Re4 1-0

[Event "Julian Mazur Memorial"]
[Site "Wellington Chess Club"]
[Date "2017.08.17"]
[Round "5.02"]
[White "Stone, Andrew"]
[Black "Croad, Nicolas"]
[Result "0-1"]
[WhiteElo "2113"]
[BlackElo "2393"]

1. e4 c5 2. Nf3 d6 3. d4 cxd4 4. Nxd4 Nf6 5. Nc3 Nc6 6. g3 Bg4 7. Nxc6 bxc6 8.
f3 Be6 9. Be3 g6 10. e5 dxe5 11. Qxd8+ Kxd8 12. O-O-O+ Kc7 13. Bc5 Nd7 14. Ba3
Bh6+ 15. Kb1 Rhe8 16. h4 Be3 17. Ne4 h6 18. Bg2 f5 19. Bh3 Bd5 20. Rhe1 Bb6 21.
b3 Rad8 22. c4 Bf7 23. c5 Ba5 24. Nd2 Nf6 25. b4 Bxb4 26. Bxb4 Rb8 27. a3 a5
28. Rxe5 axb4 29. axb4 Rxb4+ 30. Kc1 Nd7 31. Re3 Nxc5 32. Rde1 e5 33. f4 e4 34.
Rf1 Rd8 35. g4 Bc4 36. Rg1 Ra8 0-1

[Event "Julian Mazur Memorial"]
[Site "Wellington Chess Club"]
[Date "2017.08.17"]
[Round "5.03"]
[White "Nyberg, Michael"]
[Black "Sellen, Ian"]
[Result "1-0"]
[WhiteElo "2101"]
[BlackElo "2056"]

1. b3 e5 2. Bb2 Nc6 3. e3 Nf6 4. Bb5 e4 5. d3 a6 6. Bxc6 dxc6 7. Ne2 h5 8. Nbc3
Bf5 9. Ng3 Bg4 10. Qd2 exd3 11. cxd3 Qd7 12. h3 Be6 13. Nge2 Bf5 14. e4 Bh7 15.
O-O-O O-O-O 16. Qe3 Kb8 17. f3 Be7 18. g4 hxg4 19. hxg4 Bg6 20. Nf4 Rxh1 21.
Rxh1 Re8 22. g5 Nd5 23. Nfxd5 cxd5 24. Nxd5 Qc6+ 25. Kb1 Bc5 26. Qd2 Qd6 27.
Bxg7 c6 28. Nc3 Rd8 29. Kc2 Qg3 30. Qh2 Qxh2+ 31. Rxh2 Be3 32. Be5+ Ka7 33. f4
Re8 34. Ne2 Bb6 35. Bd4 c5 36. Be3 Bc7 37. Nc3 b6 38. Nd5 Bb8 39. Rh6 Rxe4 40.
Rxg6 Rxe3 41. Rf6 Re2+ 42. Kd1 Re6 43. Rxe6 fxe6 44. g6 1-0

[Event "Julian Mazur Memorial"]
[Site "Wellington Chess Club"]
[Date "2017.08.17"]
[Round "5.04"]
[White "Rossiter, Philip"]
[Black "Forster, Bill"]
[Result "0-1"]
[WhiteElo "1978"]
[BlackElo "2093"]

1. d4 d5 2. c4 c6 3. Nc3 Nf6 4. Bg5 dxc4 5. a4 Qa5 6. Bd2 Bg4 7. Qc2 e6 8. e4
Bb4 9. Bxc4 Nbd7 10. Nge2 O-O 11. O-O c5 12. e5 Nd5 13. Nxd5 Bxd2 14. Ndc3 Bh6
15. Bd3 g6 16. h3 Bxe2 17. Nxe2 cxd4 18. Nxd4 Rac8 19. Qe2 Qxe5 20. Nb5 Qxe2
21. Bxe2 Rc2 22. Bf3 Nc5 23. Nxa7 Rxb2 24. Rfb1 Rxb1+ 25. Rxb1 Ra8 26. Nb5 Rxa4
27. Nd6 b6 28. g3 $2 {I think Phil and I had the same time trouble
hallucination}  ( {Black doesn't deserve to keep a second pawn because} 28.
Rxb6 $1 {is possible - I was relying on} 28... Ra1+ 29. Kh2 Bf4+ {to win a
piece and didn't notice that now d6 has become a protected square. Doh!} )
28... Ra3 29. Be2 Rb3 30. Rxb3 Nxb3 31. Nc8 Nd4 32. Bd3 b5 33. Nb6 Bd2 34. Nd7
Kg7 35. Nc5 b4 36. Ne4 Bc3 37. Nc5 Kf6 38. Bc4 Nf3+ 39. Kg2 Nd4 40. Nb3 Nc2 41.
Kf3 Ke5 42. Ke2 h5 43. f4+ Kd6 44. Kd3 Na3 45. Ba6 Be1 46. g4 hxg4 47. hxg4 Bg3
48. Ke4 Be1 49. Kd3 Kc6 50. Ke2 Bc3 51. Bd3 Nb5 52. Ke3 Nd6 53. Bc2 Kb5 54. Kd3
e5 55. fxe5 Bxe5 56. Nd2 f5 57. gxf5 Nxf5 58. Nc4 Bc3 59. Ne3 Nxe3 60. Kxe3 g5
61. Bb3 Kc5 62. Be6 Kd6 63. Bb3 Ke5 64. Bd1 Ba1 65. Bb3 g4 66. Bd1 Kf5 67. Bc2+
Kg5 68. Kf2 Kf4 69. Bb3 Be5 70. Bd5 g3+ 71. Ke2 Bd4 72. Kd3 b3 73. Kd2 b2 74.
Kc2 Ke3 0-1

[Event "Julian Mazur Memorial"]
[Site "Wellington Chess Club"]
[Date "2017.08.17"]
[Round "5.05"]
[White "Chen, Wei Kai"]
[Black "Jackson, Ross"]
[Result "1/2-1/2"]
[WhiteElo "1813"]
[BlackElo "2020"]

1. e4 c5 2. Nc3 e6 3. f4 Nc6 4. Nf3 d5 5. e5 f6 6. Bb5 Bd7 7. O-O d4 8. Ne4 a6
9. Bxc6 Bxc6 10. Ng3 Qd7 11. d3 O-O-O 12. Bd2 b6 13. Rb1 Ne7 14. Ne4 Nd5 15. a3
f5 16. Neg5 h6 17. Nh3 a5 18. Qe1 a4 19. b3 axb3 20. Rxb3 Ba4 21. Rb2 g6 22. c4
dxc3 23. Bxc3 Nxc3 24. Qxc3 Qxd3 25. Qxd3 Rxd3 26. Rxb6 Kd7 27. Ra6 Bb3 28. Nf2
Rd5 29. Rc1 c4 30. Kf1 Bc5 31. Ke2 Rc8 32. Nd1 c3 33. Ne3 Bxe3 34. Kxe3 Rc4 35.
Rd6+ Rxd6 36. exd6 Kxd6 37. Nd4 Ba4 38. Kd3 Kd5 39. Ne2 Bc6 {Draw agreed,
although Black's last move is a blunder} 40. Nxc3+ Kc5 41. Na4+ {etc} 1/2-1/2

[Event "Julian Mazur Memorial"]
[Site "Wellington Chess Club"]
[Date "2017.08.17"]
[Round "5.06"]
[White "Day, Fabian"]
[Black "Coghini, Phillip"]
[Result "0-1"]
[WhiteElo "1784"]
[BlackElo "1888"]

1. e4 e5 2. Nf3 Nc6 3. d4 exd4 4. Nxd4 Nf6 5. Nxc6 bxc6 6. e5 Qe7 7. Qe2 Nd5 8.
c4 Nb6 9. Nd2 g6 10. f4 Bg7 11. Qe4 Bb7 12. Bd3 O-O-O 13. O-O d6 14. Nf3 c5 15.
Qe2 Bxf3 16. Qxf3 dxe5 17. fxe5 Qxe5 18. Be4 Rhe8 19. Bb7+ Kb8 20. Bf4 Qd4+ 21.
Kh1 Qxc4 22. Rac1 Qd3 23. Bxc7+ Kxc7 24. Rxc5+ Kb8 25. Qxf7 Qd7 26. Qf4+ Kxb7
27. Qf3+ Kb8 28. Qf4+ Qd6 29. Qg5 0-1

[Event "Julian Mazur Memorial"]
[Site "Wellington Chess Club"]
[Date "2017.08.17"]
[Round "5.07"]
[White "Dixon, Hamish"]
[Black "Barraza, Jesse"]
[Result "1/2-1/2"]
[WhiteElo "1697"]
[BlackElo "1871"]

1. e4 d6 2. d4 Nf6 3. Bd3 Nbd7 4. Nf3 e5 5. O-O c6 6. b3 Qc7 7. Bb2 Be7 8. Nbd2
O-O 9. Nc4 exd4 10. Nxd4 b5 11. Ne3 Nc5 12. Nef5 Bd8 13. Qf3 Ne8 14. Qg3 Bf6
15. Rab1 Bxf5 16. Nxf5 Bxb2 17. Rxb2 Nxd3 18. cxd3 Qd8 19. Rc1 c5 20. Qe3 Qf6
21. Rbc2 Nc7 22. d4 Ne6 23. dxc5 dxc5 24. Nd6 Nd4 25. Rxc5 Qxd6 26. Rd5 Ne2+
27. Qxe2 Qf4 28. Rcd1 h6 29. g3 Qf6 30. Qxb5 Rfe8 31. Qd3 Qb2 32. Rd2 Qa1+ 33.
Kg2 Rac8 34. e5 Qe1 35. Rd1 Qb4 36. f4 Qb7 37. Kf2 Qb6+ 38. Qe3 Rc2+ 39. R1d2
Rxd2+ 40. Rxd2 Qb7 41. Qf3 Qb6+ 42. Kg2 Qb4 43. Rc2 Qe1 44. Qe2 Qb4 45. Qc4 Qe1
46. Qe2 Qb4 47. Rc4 Qb6 48. Qc2 Qb7+ 49. Qe4 Qa6 50. Qc6 Re6 51. Qxa6 Rxa6 52.
a4 Rb6 53. b4 Rb7 54. b5 Kf8 55. h4 Ke7 56. Rc6 h5 57. Kf3 Rd7 58. Ra6 f5 59.
exf6+ gxf6 60. f5 Rd3+ 61. Kf4 Rd4+ 62. Ke3 Rg4 63. Rxa7+ Kd6 64. Ra6+ Kc5 65.
Kf3 Rd4 66. b6 Rd3+ 67. Kf4 Rd4+ 68. Ke3 Rg4 69. Kf3 Rb4 70. a5 Rb3+ 71. Kg2
Rb2+ 72. Kh3 Kd5 73. Ra7 Ke4 74. Rd7 Kf3 75. Rd3+ Kf2 76. Ra3 Rb1 77. Ra2+ Kf3
78. Kh2 Kg4 79. a6 Rb3 {Draw agreed, White wasn't writing his moves down}
1/2-1/2

[Event "Julian Mazur Memorial"]
[Site "Wellington Chess Club"]
[Date "2017.08.17"]
[Round "5.08"]
[White "Winter, Ryan"]
[Black "Stoeveken, Peter"]
[Result "1-0"]
[WhiteElo "1711"]
[BlackElo "1849"]

1. e4 c5 2. Nc3 Nc6 3. g3 d6 4. Bg2 Nf6 5. d3 e6 6. Nge2 Be7 7. O-O O-O 8. f4
Nd7 9. h3 Rb8 10. a4 a6 11. g4 b5 12. axb5 axb5 13. Ng3 Bh4 14. Nce2 Ne7 15.
Be3 Bb7 16. f5 exf5 17. Nxf5 Nxf5 18. gxf5 Re8 19. Nf4 d5 20. Qg4 dxe4 21. dxe4
Bf6 22. Rad1 Qc7 23. Nh5 Kh8 24. Bf4 Ne5 25. Nxf6 gxf6 26. Qh4 Qe7 27. Rd2 Rbd8
28. Rfd1 Nd7 29. Bd6 1-0

[Event "Julian Mazur Memorial"]
[Site "Wellington Chess Club"]
[Date "2017.08.17"]
[Round "5.09"]
[White "Sole, Michael"]
[Black "Forlong-Ford, Colwyn"]
[Result "1-0"]
[WhiteElo "1727"]
[BlackElo "1739"]

1. e4 e5 2. Nf3 Nc6 3. Bb5 Nf6 4. d3 Nd4 5. Nxd4 exd4 6. O-O c5 7. c3 dxc3 8.
Nxc3 a6 9. Bc4 b5 10. Bb3 (10. e5 $1 Ng8 (10... bxc4 11. exf6 gxf6 (11... Qxf6
12. Nd5 Qg6 13. Qe1+ Kd8 14. Qa5+ Ke8 15. Re1+) 12. Re1+ Be7 13. Nd5) 11. Bxf7+
Kxf7 12. Qf3+ Ke8 13. Qxa8) 10... d6 11. f4 Be7 12. Qe2 O-O 13. h3 Bb7 14. f5
Qb6 15. Be3 Nd7 16. Nd5 Bxd5 17. Bxd5 Rac8 18. Kh1 Bf6 19. g4 Be5 20. g5 Kh8
21. Rf2 Qc7 22. Qh5 g6 23. Qh6 Nb6 24. fxg6 f6 25. Bf7 Rxf7 26. gxf7 Qxf7 27.
Raf1 Nd7 28. gxf6 Rg8 29. Rg1 Rxg1+ 30. Kxg1 Bxf6 31. Kf1 Qg7 32. Qxg7+ Kxg7
33. Bf4 Ne5 34. Bxe5 Bxe5 35. b3 Bd4 36. Rf5 Be5 37. Ke2 h6 38. Kf3 Kg6 39. Kg4
Bf6 40. h4 b4 41. Rf3 h5+ 42. Kh3 Kg7 43. Rf5 Kg6 44. Kg3 a5 45. Kh3 Bg7 46.
Rg5+ Kh6 47. Kg3 Be5+ 48. Kh3 Bg7 49. Rg1 Kh7 50. Kg2 Bf6 51. Kg3 Be5+ 52. Kf3
Bf6 53. Kf4 Bxh4 54. Rh1 Bf6 55. Rxh5+ Kg6 56. Rd5 Be7 57. e5 dxe5+ 58. Kxe5
Kf7 59. Rd7 Ke8 60. Rxe7+ Kxe7 61. Kd5 1-0

[Event "Julian Mazur Memorial"]
[Site "Wellington Chess Club"]
[Date "2017.08.17"]
[Round "5.10"]
[White "Farrington, Lawrence"]
[Black "Asher, Bruce"]
[Result "1/2-1/2"]
[WhiteElo "1838"]
[BlackElo "1258"]

1. e4 c5 2. c3 Nc6 3. d4 e6 4. Nf3 Nf6 5. Bd3 b6 6. O-O Bb7 7. Re1 Be7 8. e5
Nd5 9. Nbd2 O-O 10. Ne4 cxd4 11. cxd4 h6 12. a3 f5 13. exf6 Nxf6 14. Nxf6+ Rxf6
15. Be4 d5 16. Bc2 Ba6 17. Bd3 Bxd3 18. Qxd3 Rf5 19. Rxe6 Rf6 20. Rxf6 Bxf6 21.
Be3 Qe7 22. Rc1 Na5 23. Nd2 Bg5 24. g3 Re8 25. Bxg5 Qxg5 26. f4 Qh5 27. Qf3
Qxf3 28. Nxf3 Nb3 29. Rc3 Na1 30. Ne5 Kf8 31. Rc7 Re7 32. Ng6+ 1/2-1/2

[Event "Julian Mazur Memorial"]
[Site "Wellington Chess Club"]
[Date "2017.08.17"]
[Round "5.11"]
[White "Tagos, Bernardo"]
[Black "Benitez, Edgar"]
[Result "0-1"]
[WhiteElo "1427"]
[BlackElo "1850"]

1. c4 c5 2. Nf3 Nc6 3. Nc3 Nf6 4. d4 cxd4 5. Nxd4 e5 6. Nxc6 bxc6 7. Bg5 Be7 8.
e4 O-O 9. Bd3 Rb8 10. Rb1 Bb7 11. O-O h6 12. Bh4 Re8 13. Qc2 d5 14. Bxf6 Bxf6
15. exd5 cxd5 16. cxd5 Qb6 17. Be4 Rec8 18. Rfd1 Rd8 19. Rd2 Bg5 20. Rdd1 g6
21. g3 f5 22. h4 Bf6 23. Bxf5 gxf5 24. Qxf5 Bg7 25. Rd2 Rf8 26. Qe6+ Qxe6 27.
dxe6 Rbe8 28. Rd7 Bc8 29. Rxa7 Bxe6 30. Kg2 e4 31. Nxe4 Bd5 32. f3 Rxf3 33. Rf1
Rxf1 34. Kxf1 Rxe4 35. b3 Bd4 36. Ra5 Be6 37. Kg2 Bg4 38. Ra4 h5 39. b4 Re1 40.
b5 Rg1+ 41. Kh2 Bf3 42. Rxd4 Rh1# 0-1

[Event "Julian Mazur Memorial"]
[Site "Wellington Chess Club"]
[Date "2017.08.17"]
[Round "5.12"]
[White "He, Caleb"]
[Black "Stracy, Don"]
[Result "0-1"]
[WhiteElo "1416"]
[BlackElo "1731"]

1. e4 c5 2. Nf3 e6 3. c3 Nf6 4. e5 Nd5 5. d4 Nc6 6. Be2 cxd4 7. cxd4 Be7 8. Bd2
O-O 9. O-O b6 10. Nc3 Nxc3 11. Bxc3 Bb7 12. Nd2 d5 13. f4 Rc8 14. Nf3 Bb4 15.
Bxb4 Nxb4 16. a3 Nc2 17. Rc1 Ne3 18. Rxc8 Qxc8 19. Qd3 Nxf1 20. Ng5 g6 21. Qh3
h5 22. Bxh5 Ng3 23. hxg3 Kg7 24. Bxg6 Rh8 25. Bh7 Qe8 26. f5 exf5 27. Qxf5 Qe7
28. e6 Bc8 29. Qe5+ Qf6 30. e7 Qxe5 31. dxe5 Re8 32. Bd3 Rxe7 33. Nf3 f6 34.
exf6+ Kxf6 35. Kf2 Bf5 36. Be2 Rc7 37. Nd4 Bd7 38. Ke3 Be8 39. Kd2 Rg7 40. g4
Bd7 41. Kc3 Bxg4 42. Bf1 Rc7+ 43. Kd2 Ke5 44. Ne2 Bf5 45. Nc3 d4 46. Nd1 Rc2+
47. Ke1 Kf4 48. Be2 Bg4 49. Bxg4 Kxg4 50. b4 Ra2 51. Kf1 Rxa3 52. Nf2+ Kf4 53.
g4 Rf3 54. Kg2 Rxf2+ 55. Kxf2 0-1

[Event "Julian Mazur Memorial"]
[Site "Wellington Chess Club"]
[Date "2017.08.17"]
[Round "5.13"]
[White "Hall, Nathan"]
[Black "Wight, Joshua"]
[Result "1-0"]
[WhiteElo "1200"]
[BlackElo "1609"]

1. e4 b6 2. d4 Bb7 3. Bd3 e6 4. c4 Nf6 5. Nc3 Bb4 6. Qc2 d5 7. cxd5 exd5 8. Bg5
dxe4 9. Bxf6 exd3 10. Qa4+ Bc6 11. Qxb4 Qxf6 12. O-O-O Nd7 13. Re1+ Kd8 14. Nf3
Kc8 15. d5 Bb7 16. Re7 c5 17. Qe4 Qd6 18. Re8+ 1-0